000
00306nam a22001337a 4500
008
250325b |||||||| |||| 00| 0 eng d
020
_a
0435901117
050
_a
PR5572
_b
.A54
100
_a
ANGIRA Jared
245
_a
Silent Voices Poems
260
_a
London
_b
Fokenham Press
300
_a
84p.
942
_c
BK
999
_c
2701
_d
2701